Teaching of English / (Record no. 17391)

MARC details
000 -LEADER
fixed length control field 01043nam a22002654a 4500
005 - DATE AND TIME OF LATEST TRANSACTION
control field 20080729164931.0
008 - FIXED-LENGTH DATA ELEMENTS--GENERAL INFORMATION
fixed length control field 080416s2008 waua 001 0 eng
010 ## - LCCN (DPL NO)
LC control number ENG-91462
020 ## - INTERNATIONAL STANDARD BOOK NUMBER
International Standard Book Number 9788131304952
Terms of availability 450.00
035 ## - SYSTEM CONTROL NUMBER
System control number EN-74995
037 ## - SOURCE OF ACQUISITION
Source of stock number/acquisition DBAD / PUB
040 ## - CATALOGING SOURCE
Original cataloging agency DPL
Language of cataloging English
082 ## - DEWEY DECIMAL CLASSIFICATION NUMBER
Classification number 488.00245
100 ## - MAIN ENTRY--PERSONAL NAME
Personal name Jameel Ahmad
245 ## - TITLE STATEMENT
Title Teaching of English /
Statement of responsibility, etc by Jameel Ahmad
260 ## - PUBLICATION, DISTRIBUTION, ETC. (IMPRINT)
Place of publication, distribution, etc New Delhi
Name of publisher, distributor, etc APH Publishing
Date of publication, distribution, etc 2009
270 ## - ADDRESS
Address 4435-36/7, Ansari Road, Daryaganj,
City New Delhi
Postal code 110002
300 ## - PHYSICAL DESCRIPTION
Extent xii, 164 p.
Dimensions 23 cm (Hb)
500 ## - GENERAL NOTE
General note Includes bibliographical references
650 ## - SUBJECT ADDED ENTRY--TOPICAL TERM
Topical term or geographic name as entry element English language
General subdivision Technical English
650 ## - SUBJECT ADDED ENTRY--TOPICAL TERM
Topical term or geographic name as entry element English language
General subdivision Technical English
-- Study and teaching
650 ## - SUBJECT ADDED ENTRY--TOPICAL TERM
Topical term or geographic name as entry element English language
General subdivision Study and teaching
-- Foreign speakers
942 ## - ADDED ENTRY ELEMENTS (KOHA)
Source of classification or shelving scheme Dewey Decimal Classification
Item type English Books
Call number suffix JAM
Classification part 488.00245
Holdings
Withdrawn status Lost status Source of classification or shelving scheme Damaged status Not for loan Collection code Home library Current library Date acquired Source of acquisition Cost, normal purchase price Total Checkouts Full call number Barcode Date last seen Copy number Cost, replacement price Koha item type
    Dewey Decimal Classification   Not For Loan Non-fiction D.B.Act.Division D.B.Act.Division 03/11/2008 DBAD / PUB 450.00   488.00245 JAM EN-74995 03/11/2008 1 450.00 English Books

© Delhi Public Library
Hit Counter
free hit counter